[Event "It"]
[Site "masterchessopen.com - Clare Benedict"]
[Round "4"]
[White "Roehrl Karl (AUT)"]
[Black "Toran Albero Roman (ESP)"]
[Result "0-1"]
[WhiteElo "2268"]
[BlackElo "2445"]

1.d4 Nf6 2.c4 c5 3.d5 b5 4.cxb5 a6 5.bxa6 Bxa6 6.Nc3 d6 7.Nf3 g6 8.g3 Bg7
9.Bg2 O-O 10.O-O Nbd7 11.Re1 Qc7 12.e4 Ng4 13.Bf1 Bxf1 14.Rxf1 Rfb8 15.Qe2 Qb7
16.Nd2 Ngf6 17.Nc4 Qa6 18.Re1 Rb4 19.Na3 Ne5 20.Nc2 Rbb8 21.Qxa6 Rxa6 22.Rd1
Nc4 23.b3 Nd7 24.Rd3 Nde5 25.Rd1 Nf3+ 26.Kg2 Bxc3 27.Kxf3 Bxa1 {#R} 0-1

[Event "It \"]
[Site "masterchessopen.com - USA"]
[Round "12"]
[White "Burger Karl (USA)"]
[Black "Evans Larry D (USA)"]
[Result "1-0"]
[WhiteElo "2310"]
[BlackElo "2315"]

1.d4 Nf6 2.c4 c5 3.d5 b5 4.cxb5 a6 5.bxa6 Bxa6 6.Nc3 d6 7.g3 g6 8.Bg2 Bg7
9.Nf3 Nbd7 10.O-O O-O 11.Re1 Qa5 12.Rb1 Rfb8 13.a3 Ng4 14.Bd2 Qb6 15.h3 Nge5
16.Nxe5 Nxe5 17.b3 Rb7 18.Qc2 Rab8 19.Ne4 Ra7 20.Bc3 Bc8 21.Qb2 Nc4 22.bxc4
Qxb2 23.Rxb2 Rxb2 24.Bxb2 Bxb2 25.Rb1 Bxa3 26.Rb8 Rc7 27.Nc3 {#r} 1-0

[Event "Ch Brazil"]
[Site "masterchessopen.com - Sao Paulo (Brazil)"]
[Round "3"]
[White "Barata Hemar Antonio Galvao (BRA)"]
[Black "Dumont Sadi Glasser (BRA)"]
[Result "0-1"]
[WhiteElo "2026"]
[BlackElo "2316"]

1.d4 Nf6 2.c4 c5 3.d5 b5 4.cxb5 a6 5.bxa6 Bxa6 6.Nc3 g6 7.g3 d6 8.Bg2 Bg7
9.Nf3 O-O 10.O-O Nbd7 11.Re1 Nb6 12.Nd2 Ng4 13.h3 Ne5 14.Qc2 Nbc4 15.Nxc4 Nxc4
16.b3 Qa5 17.bxc4 Qxc3 18.Qxc3 Bxc3 19.Bh6 Rfb8 20.e4 Bxa1 21.Rxa1 Bxc4 22.e5
Bxa2 23.h4 Rb1+ 24.Rxb1 Bxb1 25.exd6 exd6 26.Bf4 Ra6 {#R} 0-1

[Event "Zt"]
[Site "masterchessopen.com - Pula (Croatia)"]
[Round "0"]
[White "Bukic Enver (SLO)"]
[Black "Bellon Lopez Juan Manuel (ESP)"]
[Result "1-0"]
[WhiteElo "2455"]
[BlackElo "2415"]

1.d4 Nf6 2.c4 c5 3.d5 b5 4.cxb5 a6 5.bxa6 Bxa6 6.Nc3 d6 7.Nf3 g6 8.g3 Bg7
9.Bg2 O-O 10.O-O Nbd7 11.Qc2 Qc7 12.Rd1 Rfb8 13.Rb1 Rb4 14.Bd2 Rc8 15.Be1 Qa7
16.a3 Rd4 17.Nb5 Qb8 18.Nbxd4 cxd4 19.Qd2 d3 20.exd3 Nc5 21.b4 Nxd3 22.b5 Nxe1
23.Qxe1 Bb7 24.Nd4 {#r} 1-0

[Event "Olympiad (students) (team)"]
[Site "masterchessopen.com - Caracas (Venezuela)"]
[Round "5"]
[White "Al-Kazzaz R K (IRQ)"]
[Black "Azadharf Farrokh (FRA)"]
[Result "0-1"]
[WhiteElo "2236"]
[BlackElo "2205"]

1.d4 Nf6 2.c4 c5 3.d5 b5 4.cxb5 a6 5.bxa6 Bxa6 6.Nc3 d6 7.g3 g6 8.Bg2 Bg7
9.Nf3 O-O 10.O-O Nbd7 11.Re1 Qa5 12.e4 Rfb8 13.e5 Ng4 14.Ng5 Ngxe5 15.f4 Nd3
16.Rxe7 Bd4+ 17.Be3 Nxb2 18.Qg4 Nf6 19.Qh4 Qxc3 20.Nxf7 Bxe3+ 21.Kh1 Nd3
22.Nh6+ Kf8 {#R} 0-1

[Event "It"]
[Site "masterchessopen.com - Karlovac (Slovenia)"]
[Round "11"]
[White "Pisar Milan P (SRB)"]
[Black "Bellon Lopez Juan Manuel (ESP)"]
[Result "0-1"]
[WhiteElo "2022"]
[BlackElo "2420"]

1.d4 c5 2.d5 Nf6 3.c4 b5 4.cxb5 a6 5.bxa6 Bxa6 6.Nc3 d6 7.g3 g6 8.Bg2 Bg7
9.Nf3 O-O 10.O-O Nbd7 11.Re1 Qc7 12.h3 Nb6 13.Nd2 Nfd7 14.a4 Rfb8 15.Qc2 Nc4
16.Rb1 Qa5 17.Nb5 Bxb5 18.axb5 Ncb6 19.Rd1 Qxb5 20.b4 cxb4 21.Qe4 Na4 22.Qxe7
Nc3 23.Bb2 Bf8 24.Qe3 Re8 25.Bxc3 Rxe3 26.fxe3 Qxe2 27.Bd4 Bh6 28.Bf3 Bxe3+
{#R} 0-1

[Event "?"]
[Site "masterchessopen.com - URS"]
[Round "0"]
[White "Tukmakov Vladimir B (UKR)"]
[Black "Shereshevski Mikhail (BLR)"]
[Result "1-0"]
[WhiteElo "2575"]
[BlackElo "2475"]

1.d4 Nf6 2.c4 c5 3.d5 b5 4.cxb5 a6 5.bxa6 Bxa6 6.g3 g6 7.Bg2 Bg7 8.Nc3 d6
9.Nf3 Nbd7 10.O-O Nb6 11.Re1 O-O 12.Nd2 Ra7 13.Nf1 Qa8 14.Ne3 Rb8 15.Rb1 Ne8
16.Bd2 Bb7 17.b4 c4 18.a4 e6 19.dxe6 Bxg2 20.exf7+ Kxf7 21.Nxg2 Nxa4 22.Qc1 d5
23.e4 Nf6 24.exd5 Nxc3 25.Bxc3 Qxd5 26.Nf4 Qb5 27.Qe3 {#r} 1-0

[Event "It (open)"]
[Site "masterchessopen.com - Berlin (Germany)"]
[Round "0"]
[White "Zaltz Dov (ISR)"]
[Black "Bukal Vladimir (CRO)"]
[Result "0-1"]
[WhiteElo "2305"]
[BlackElo "2403"]

1.d4 Nf6 2.c4 c5 3.d5 b5 4.cxb5 a6 5.bxa6 Bxa6 6.Nc3 g6 7.g3 d6 8.Nf3 Bg7
9.Bg2 O-O 10.O-O Nbd7 11.Qc2 Qb6 12.Rd1 Rfb8 13.Rb1 Ng4 14.h3 Nge5 15.Nh2 Nc4
16.Ng4 Qb4 17.Bh6 Bh8 18.Qe4 Nde5 19.Nxe5 Bxe5 20.Qh4 Nxb2 21.Ne4 f5 22.Bc1
fxe4 23.Rd2 e3 24.Qxb4 Rxb4 25.Rdxb2 Bxb2 26.Rxb2 Rxb2 27.Bxb2 Rb8 {#R} 0-1

[Event "Izt"]
[Site "masterchessopen.com - Taxco (Mexico)"]
[Round "0"]
[White "Saeed Saeed-Ahmed (UAE)"]
[Black "Alburt Lev O (USA)"]
[Result "0-1"]
[WhiteElo "2400"]
[BlackElo "2510"]

1.d4 Nf6 2.c4 c5 3.d5 b5 4.cxb5 a6 5.bxa6 Bxa6 6.Nc3 g6 7.Nf3 d6 8.g3 Bg7
9.Bg2 Nbd7 10.O-O Nb6 11.Rb1 Bc4 12.Nd2 Bxa2 13.Nxa2 Rxa2 14.Qb3 Ra8 15.Qb5+
Nfd7 16.Nb3 Rb8 17.Qc6 O-O 18.f4 Nc4 19.Na1 Na3 {#R} 0-1

[Event "It (open)"]
[Site "masterchessopen.com - Krumbach (Germany)"]
[Round "0"]
[White "Lorscheid Gerhard (GER)"]
[Black "Schmidt Walter (GER)"]
[Result "0-1"]
[WhiteElo "2277"]
[BlackElo "2059"]

1.d4 Nf6 2.c4 c5 3.d5 b5 4.cxb5 a6 5.bxa6 g6 6.Nc3 Bxa6 7.Nf3 d6 8.g3 Bg7
9.Bg2 O-O 10.O-O Nbd7 11.Qc2 Qb6 12.Rb1 Qb7 13.b3 Nb6 14.b4 cxb4 15.Rxb4 Qc7
16.Qd2 Rfc8 17.Nb5 Qc5 18.Nfd4 Nc4 19.Qc3 Nxd5 20.Bxd5 Qxd5 21.Qd3 Bb7 22.f3
Rxa2 23.Rd1 Qc5 24.Nc3 Qxb4 25.Nxa2 Qc5 26.Kg2 h5 27.Nb3 Qb6 28.Bd2 Nb2 {#R}
0-1

[Event "?"]
[Site "masterchessopen.com - Iceland"]
[Round "0"]
[White "Manor Ilan (ISR)"]
[Black "Afek Yochanan (ISR)"]
[Result "1-0"]
[WhiteElo "2476"]
[BlackElo "2299"]

1.d4 Nf6 2.c4 c5 3.d5 b5 4.cxb5 a6 5.bxa6 Bxa6 6.Nc3 g6 7.g3 Bg7 8.Bg2 d6
9.Nf3 O-O 10.O-O Nbd7 11.Qc2 Nb6 12.Rd1 Ra7 13.Nd2 Qd7 14.Rb1 Bb7 15.e4 Na4
16.Nxa4 Qxa4 17.Qxa4 Rxa4 18.a3 Rb8 19.b3 Ra7 20.b4 cxb4 21.Rxb4 Rc8 22.Nc4
Ba6 23.Be3 Rac7 24.Nb6 Rb8 25.h3 Rc3 26.a4 Nd7 27.Rdb1 Bd3 {#r} 1-0

[Event "It (young masters)"]
[Site "masterchessopen.com - Oakham (England)"]
[Round "5"]
[White "Arlandi Ennio (ITA)"]
[Black "Van Hasselt Frank (HKG)"]
[Result "1-0"]
[WhiteElo "2360"]
[BlackElo "2230"]

1.d4 Nf6 2.c4 c5 3.d5 b5 4.cxb5 a6 5.bxa6 Bxa6 6.Nc3 d6 7.g3 g6 8.Bg2 Bg7
9.Nf3 O-O 10.O-O Nbd7 11.Re1 Qa5 12.Bg5 Rfb8 13.Rb1 Nb6 14.Nd2 Bc4 15.Qc1 Ra7
16.a3 h6 17.b4 Qxa3 18.bxc5 Qxc5 19.Be3 Qc7 20.Rxb6 Rxb6 21.Bxb6 Qxb6 22.Nxc4
Qb4 23.Qb2 Qc5 24.Nd1 Rc7 25.Nce3 Nxd5 26.Qb3 {#r} 1-0

[Event "It (open)"]
[Site "masterchessopen.com - Baden-Baden (Germany)"]
[Round "4"]
[White "Barbero Gerardo F (ARG)"]
[Black "Bauer Werner (GER)"]
[Result "1-0"]
[WhiteElo "2441"]
[BlackElo "1972"]

1.d4 Nf6 2.c4 c5 3.d5 b5 4.cxb5 a6 5.bxa6 Bxa6 6.Nc3 d6 7.Nf3 g6 8.g3 Bg7
9.Bg2 O-O 10.O-O Nbd7 11.Qc2 Qc7 12.Rd1 Rae8 13.h3 e6 14.dxe6 fxe6 15.Ng5 Re7
16.Bf4 Ne5 17.Nge4 {#r} 1-0

[Event "It (open)"]
[Site "masterchessopen.com - Brocco (Switzerland)"]
[Round "0"]
[White "Hort Vlastimil (GER)"]
[Black "Polgar Judit (HUN)"]
[Result "1-0"]
[WhiteElo "2570"]
[BlackElo "2701"]

1.d4 Nf6 2.c4 c5 3.d5 b5 4.cxb5 a6 5.bxa6 g6 6.Nc3 Bxa6 7.Nf3 d6 8.g3 Bg7
9.Bg2 Nbd7 10.O-O Nb6 11.Re1 O-O 12.h3 Bb7 13.e4 Nfd7 14.Bf1 h6 15.Qc2 f5
16.exf5 Rxf5 17.Nh4 Re5 18.Bd2 Rxe1 19.Rxe1 Ne5 20.Bxh6 Bxh6 21.Rxe5 dxe5
22.Qxg6+ Bg7 23.Nf5 Qf8 24.Nh6+ Kh8 25.Bd3 {#r} 1-0

[Event "?"]
[Site "masterchessopen.com - Dortmund (Germany)"]
[Round "1"]
[White "Prange Stefan (GER)"]
[Black "Kertesz Alfred (GER)"]
[Result "0-1"]
[WhiteElo "2179"]
[BlackElo "2271"]

1.d4 Nf6 2.c4 c5 3.d5 b5 4.cxb5 a6 5.bxa6 Bxa6 6.Nc3 d6 7.Nf3 g6 8.g3 Bg7
9.Bg2 O-O 10.O-O Nbd7 11.Qc2 Ra7 12.Rd1 Qa8 13.e4 Rb8 14.Bd2 Bc4 15.Re1 Bxa2
16.Nxa2 Rxa2 17.Rxa2 Qxa2 18.Bc1 Ne8 19.h4 c4 20.Re3 c3 21.Rxc3 Bxc3 22.Qxc3
Qb3 23.Qc6 Nc5 24.Kh2 Nf6 {#R} 0-1

[Event "It (juniors)"]
[Site "masterchessopen.com - Espoo (Finland)"]
[Round "0"]
[White "Hakulinen Esko-Matti (FIN)"]
[Black "Hokkanen Petri (FIN)"]
[Result "1-0"]
[WhiteElo "2328"]
[BlackElo "2300"]

1.d4 Nf6 2.Nf3 c5 3.d5 g6 4.c4 b5 5.cxb5 a6 6.bxa6 Bxa6 7.Nc3 d6 8.g3 Bg7
9.Bg2 O-O 10.O-O Nbd7 11.Qc2 Qb6 12.h3 Rfb8 13.Rb1 Bc4 14.Nd2 Ba6 15.b3 Qc7
16.Rd1 Nb6 17.Bb2 Ra7 18.Nde4 Nbd7 19.Nxf6+ exf6 20.Ne4 f5 21.Bxg7 Kxg7 22.Nc3
Nf6 23.e4 fxe4 24.Bxe4 Re8 25.Bg2 Qa5 26.Qb2 Kg8 27.a3 Bc8 28.b4 {#r} 1-0

[Event "It"]
[Site "masterchessopen.com - Reggio Emilia (Italy)"]
[Round "1"]
[White "Beil Zdenek (CZE)"]
[Black "Borgo Giulio (ITA)"]
[Result "1-0"]
[WhiteElo "2256"]
[BlackElo "2397"]

1.d4 Nf6 2.c4 c5 3.d5 b5 4.cxb5 a6 5.bxa6 g6 6.Nc3 Bxa6 7.Nf3 Bg7 8.g3 d6
9.Bg2 O-O 10.O-O Nbd7 11.Qc2 Qa5 12.Bd2 Nb6 13.b3 c4 14.Na4 cxb3 15.axb3 {#r}
1-0

[Event "Tournament"]
[Site "masterchessopen.com - Steglitz (Germany)"]
[Round "0"]
[White "Schacht Holger (GER)"]
[Black "Sielaff Martin (GER)"]
[Result "1-0"]
[WhiteElo "2224"]
[BlackElo "2284"]

1.d4 Nf6 2.c4 c5 3.d5 b5 4.cxb5 a6 5.bxa6 Bxa6 6.Nc3 d6 7.g3 g6 8.Bg2 Bg7
9.Nf3 O-O 10.O-O Nbd7 11.Qc2 Qa5 12.Rd1 Nb6 13.Nd2 c4 14.Nf1 Bb7 15.Ne3 Rfc8
16.Bd2 Qc5 17.Rab1 Qa5 18.b4 cxb3 19.Qxb3 Ra6 20.Ne4 {#r} 1-0

[Event "Ch Cyprus"]
[Site "masterchessopen.com - Cyprus"]
[Round "0"]
[White "Hadjiyiannis C (CYP)"]
[Black "Alexandrou Alexandros (CYP)"]
[Result "0-1"]
[WhiteElo "2063"]
[BlackElo "2172"]

1.d4 Nf6 2.c4 c5 3.d5 b5 4.cxb5 a6 5.bxa6 Bxa6 6.Nc3 g6 7.Nf3 Bg7 8.g3 d6
9.Bg2 O-O 10.O-O Nbd7 11.Re1 Qc7 12.Qc2 Rfb8 13.e4 Ng4 14.h3 Nge5 15.Rd1 c4
16.Ne1 Nc5 17.Bf1 Ra7 18.f4 Ned3 19.Bxd3 cxd3 20.Nxd3 Nxd3 21.Rxd3 Bxd3
22.Qxd3 Rab7 23.a4 Rxb2 24.Bxb2 Rxb2 25.Rc1 Qc5+ 26.Kh1 Qf2 {#R} 0-1

[Event "Ch Hamburg"]
[Site "masterchessopen.com - Hamburg (Germany)"]
[Round "0"]
[White "Kastek Thomas (GER)"]
[Black "Wasmuth Matthias (GER)"]
[Result "0-1"]
[WhiteElo "2172"]
[BlackElo "2210"]

1.d4 Nf6 2.c4 c5 3.d5 b5 4.cxb5 a6 5.bxa6 Bxa6 6.Nc3 g6 7.g3 d6 8.Bg2 Bg7
9.Nf3 O-O 10.O-O Nbd7 11.Qc2 Ra7 12.Rd1 Qa8 13.Nd2 Nb6 14.Nde4 Nxe4 15.Bxe4
Rb8 16.Rb1 Bc8 17.a3 Na4 18.Nxa4 Rxa4 19.b3 Rxe4 20.Qxe4 Bf5 21.Qxe7 Bxb1
22.Qxd6 Bc2 {#R} 0-1

[Event "It (open)"]
[Site "masterchessopen.com - Joenkoeping (Sweden)"]
[Round "1"]
[White "Eriksson Mats (SWE)"]
[Black "Burman Anders (SWE)"]
[Result "0-1"]
[WhiteElo "2147"]
[BlackElo "2325"]

1.d4 Nf6 2.c4 c5 3.d5 b5 4.cxb5 a6 5.bxa6 Bxa6 6.Nc3 d6 7.Nf3 g6 8.g3 Bg7
9.Bg2 O-O 10.O-O Nbd7 11.Re1 Qb6 12.Qc2 Rfb8 13.Rb1 Ra7 14.Bd2 Ng4 15.e4 Nge5
16.Nxe5 Nxe5 17.Qd1 Bd3 18.Rc1 Qxb2 19.f4 Nc4 20.Ne2 Qxd2 21.Qxd2 Nxd2 22.Rcd1
Bxe2 23.Rxd2 Bc3 {#R} 0-1

[Event "It (open)"]
[Site "masterchessopen.com - Lyngby (Denmark)"]
[Round "2"]
[White "Engqvist Thomas (SWE)"]
[Black "Maus Siegfried (GER)"]
[Result "1-0"]
[WhiteElo "2353"]
[BlackElo "2238"]

1.d4 Nf6 2.c4 c5 3.d5 b5 4.cxb5 a6 5.bxa6 Bxa6 6.Nc3 d6 7.Nf3 g6 8.g3 Bg7
9.Bg2 O-O 10.O-O Nbd7 11.Qc2 Ra7 12.Rd1 Qa8 13.h3 Bc4 14.Nd2 Bxd5 15.Nxd5 Nxd5
16.a3 N7b6 17.Nc4 {#r} 1-0

[Event "Ch Hessen (qual)"]
[Site "masterchessopen.com - Hessen (Germany)"]
[Round "9"]
[White "Koehler Ronald (GER)"]
[Black "Rudolph Peter (GER)"]
[Result "1-0"]
[WhiteElo "2284"]
[BlackElo "2126"]

1.d4 c5 2.d5 Nf6 3.c4 b5 4.cxb5 a6 5.bxa6 Bxa6 6.Nc3 d6 7.Nf3 g6 8.g3 Bg7
9.Bg2 O-O 10.O-O Qb6 11.Qc2 Nbd7 12.h3 Rfb8 13.Rb1 e6 14.Ng5 e5 15.Re1 h6
16.Nf3 Bc4 17.Nd2 Ba6 18.b3 Ra7 19.e4 Qc7 20.Bf1 Bxf1 21.Rxf1 Nb6 22.Nb5 Qd7
23.Nxa7 {#r} 1-0

[Event "It (youth) (under 26)"]
[Site "masterchessopen.com - Tel Aviv (Israel)"]
[Round "0"]
[White "Alperovich Asher (ISR)"]
[Black "Kiss Laurentiu (ROM)"]
[Result "0-1"]
[WhiteElo "2109"]
[BlackElo "2280"]

1.d4 Nf6 2.c4 c5 3.d5 b5 4.cxb5 a6 5.bxa6 g6 6.Nc3 Bxa6 7.g3 d6 8.Bg2 Bg7
9.Nf3 Nbd7 10.O-O O-O 11.Qc2 Ra7 12.Rd1 Qa8 13.Rb1 Bc4 14.Nd2 Bxa2 15.Ra1 Rb8
16.b4 cxb4 17.Nxa2 Ne8 18.Bb2 Rxa2 19.Rxa2 Qxa2 20.Rb1 Nc5 21.Nc4 Bc3 22.Ne3
b3 23.Qc1 Na4 24.Bxc3 Nxc3 25.Rb2 Nxe2+ {#R} 0-1

[Event "It (open)"]
[Site "masterchessopen.com - Valencia (Spain)"]
[Round "0"]
[White "Servat Roberto (ARG)"]
[Black "Garcia Fernandez Carlos (ESP)"]
[Result "1-0"]
[WhiteElo "2436"]
[BlackElo "2374"]

1.d4 Nf6 2.c4 c5 3.d5 b5 4.cxb5 a6 5.bxa6 g6 6.Nc3 Bxa6 7.g3 d6 8.Bg2 Bg7
9.Nf3 Nbd7 10.O-O Nb6 11.Re1 O-O 12.Bf4 Ra7 13.b3 Nh5 14.Bd2 e6 15.dxe6 fxe6
16.e4 Nd7 17.Rc1 Ne5 18.Nxe5 Bxe5 19.Be3 Qa5 20.Qd2 Qb4 21.Red1 Bb7 22.Na4
Qxd2 23.Rxd2 Ra6 24.f4 Bg7 25.Rcd1 Nf6 26.Rxd6 {#r} 1-0

[Event "It (open)"]
[Site "masterchessopen.com - Bad Ragaz (Switzerland)"]
[Round "0"]
[White "Schnelli Roman (SUI)"]
[Black "Pelletier Yannick (SUI)"]
[Result "0-1"]
[WhiteElo "1959"]
[BlackElo "2584"]

1.d4 Nf6 2.c4 c5 3.d5 b5 4.cxb5 a6 5.bxa6 Bxa6 6.Nc3 g6 7.Nf3 d6 8.g3 Bg7
9.Bg2 Nbd7 10.O-O Nb6 11.Re1 O-O 12.e4 Nfd7 13.Qc2 Qc7 14.Be3 Rfb8 15.Nd2 Ne5
16.f4 Nd3 17.Reb1 Nb4 18.Qd1 Bd3 19.Rc1 Nc4 20.Nxc4 Bxc4 21.b3 Ba6 22.a3 Nd3
23.Rc2 Rxb3 24.Bd2 Bd4+ 25.Kh1 Nf2+ {#R} 0-1

[Event "It (open)"]
[Site "masterchessopen.com - Hastings (England)"]
[Round "0"]
[White "Buckley Graeme (ENG)"]
[Black "Palatnik Semon (USA)"]
[Result "0-1"]
[WhiteElo "2285"]
[BlackElo "2450"]

1.d4 Nf6 2.c4 c5 3.d5 b5 4.cxb5 a6 5.bxa6 g6 6.Nc3 Bxa6 7.g3 d6 8.Nf3 Bg7
9.Bg2 Nbd7 10.O-O Nb6 11.Rb1 Bc4 12.Ne1 Bxa2 13.Nxa2 Rxa2 14.b4 c4 15.Be3 O-O
16.Bd4 Qc7 17.e4 Rfa8 18.Nc2 c3 19.b5 Nfd7 20.Bxg7 Kxg7 21.Qd4+ Ne5 22.Rfc1
R8a4 23.Rb4 Rxb4 24.Nxb4 Rd2 25.Qxc3 Rd1+ {#R} 0-1

[Event "It (open) \"]
[Site "masterchessopen.com - Budapest (Hungary)"]
[Round "0"]
[White "Baburin Alexander (IRL)"]
[Black "Rovid Kalman (HUN)"]
[Result "1-0"]
[WhiteElo "2535"]
[BlackElo "2254"]

1.d4 Nf6 2.c4 c5 3.d5 b5 4.cxb5 a6 5.bxa6 g6 6.Nc3 Bxa6 7.g3 d6 8.Bg2 Bg7
9.Nf3 Nbd7 10.O-O Nb6 11.Re1 O-O 12.h3 Nfd7 13.Qc2 Nc4 14.Nd2 Nde5 15.b3 Qa5
16.Ndb1 Nb6 17.Bd2 c4 18.Na4 cxb3 19.axb3 Qb5 20.Na3 {#r} 1-0

[Event "It (open)"]
[Site "masterchessopen.com - Hamburg (Germany)"]
[Round "7"]
[White "Bartels Frank (GER)"]
[Black "Heinemann Thies (GER)"]
[Result "0-1"]
[WhiteElo "2370"]
[BlackElo "2469"]

1.d4 Nf6 2.Nf3 d6 3.c4 c5 4.d5 b5 5.cxb5 a6 6.bxa6 g6 7.Nc3 Bxa6 8.g3 Bg7
9.Bg2 O-O 10.O-O Nbd7 11.Re1 Ra7 12.Rb1 Qa8 13.b4 Bc4 14.bxc5 Nxc5 15.Nd4 Nxd5
16.Nxd5 Bxd5 17.Nb5 Bxg2 18.Nxa7 Bh3 {#R} 0-1

[Event "It (open)"]
[Site "masterchessopen.com - Biel (Switzerland)"]
[Round "10"]
[White "Koehler Ronald (GER)"]
[Black "Rhodin Christian (GER)"]
[Result "1-0"]
[WhiteElo "2284"]
[BlackElo "2223"]

1.d4 Nf6 2.c4 c5 3.d5 b5 4.cxb5 a6 5.bxa6 Bxa6 6.Nc3 g6 7.Nf3 d6 8.g3 Bg7
9.Bg2 O-O 10.O-O Nbd7 11.Qc2 Qb6 12.h3 Qb7 13.Re1 Nb6 14.e4 Nfd7 15.b3 f5
16.exf5 Rxf5 17.Nh4 Re5 18.Bf4 Rf8 19.Nf3 Rxe1+ 20.Rxe1 Nxd5 21.Nxd5 Qxd5
22.Rxe7 Bd3 23.Qd2 Nf6 24.Ng5 Qf5 25.g4 Nxg4 26.hxg4 Qf6 27.Rxg7+ Kxg7 28.Qxd3
{#r} 1-0

[Event "It (open)"]
[Site "masterchessopen.com - Velden (Austria)"]
[Round "0"]
[White "Jeraj Zlatko (SLO)"]
[Black "Velickovic Zoran (SLO)"]
[Result "0-1"]
[WhiteElo "2090"]
[BlackElo "2395"]

1.d4 Nf6 2.c4 c5 3.d5 b5 4.cxb5 a6 5.bxa6 Bxa6 6.Nc3 g6 7.g3 d6 8.Nf3 Bg7
9.Bg2 Nbd7 10.O-O Nb6 11.Re1 O-O 12.e4 Nc4 13.Nd2 Ne5 14.Bf1 Nd3 15.Bxd3 Bxd3
16.Re3 Ba6 17.h3 Nd7 18.Nb3 Ne5 19.Qc2 Qd7 20.Kg2 Bc8 21.g4 c4 22.Nd4 Nd3 {#R}
0-1

[Event "Ch Europe (juniors) (under 18) (g)"]
[Site "masterchessopen.com - Hania (Greece)"]
[Round "1"]
[White "Saraiva Tania (POR)"]
[Black "Darchia Diana (GEO)"]
[Result "0-1"]
[WhiteElo "1911"]
[BlackElo "2313"]

1.d4 Nf6 2.c4 c5 3.d5 b5 4.cxb5 a6 5.Nc3 axb5 6.Nxb5 g6 7.Nc3 Ba6 8.g3 d6
9.Bg2 Bg7 10.Nf3 Nbd7 11.O-O Nb6 12.Re1 O-O 13.Bf4 Ra7 14.e4 Nc4 15.Qc1 Ng4
16.Bf1 Nge5 17.Nxe5 Nxe5 18.Bxe5 Bxe5 19.Bxa6 Rxa6 20.Rd1 Qa5 21.Rd3 Qb4 22.f3
Rb8 23.b3 c4 24.bxc4 Qxc4 25.Qd2 Rab6 26.Rc1 Rb2 27.Qe3 Bxc3 28.Rcxc3 Qxa2
{#R} 0-1

[Event "Olympiad"]
[Site "masterchessopen.com - Moscow (Russia)"]
[Round "1"]
[White "Elkuch Harald (LIE)"]
[Black "Wang Zili (CHN)"]
[Result "0-1"]
[WhiteElo "2089"]
[BlackElo "2505"]

1.d4 Nf6 2.Nf3 c5 3.d5 g6 4.c4 b5 5.cxb5 a6 6.bxa6 Bxa6 7.Nc3 d6 8.g3 Bg7
9.Bg2 Nbd7 10.O-O Nb6 11.Ne1 O-O 12.Nd3 Nc4 13.Re1 Qa5 14.Qa4 Qb6 15.Qc2 Nd7
16.Rb1 Qa5 17.Ne4 Na3 18.bxa3 Bxd3 19.Qxd3 Qxe1+ 20.Bf1 Rfb8 21.Bb2 Qa5
22.Bxg7 Kxg7 23.Rb3 Rxb3 24.axb3 Qxa3 25.Qb5 Ra7 26.Bh3 Qc1+ {#R} 0-1

[Event "Ch Yugoslavia (team) (2 liga)"]
[Site "masterchessopen.com - Yugoslavia"]
[Round "7"]
[White "Drasko Dragan (SRB)"]
[Black "Perunovic Miodrag (SRB)"]
[Result "1-0"]
[WhiteElo "2329"]
[BlackElo "2459"]

1.d4 Nf6 2.c4 c5 3.d5 b5 4.cxb5 a6 5.bxa6 Bxa6 6.Nc3 d6 7.Nf3 g6 8.g3 Bg7
9.Bg2 Nbd7 10.O-O Nb6 11.Re1 O-O 12.Nd2 Nfd7 13.Qc2 Qc7 14.b3 Rfb8 15.Rb1 Ne5
16.h3 c4 17.b4 Nd3 18.Rf1 Nd7 19.a3 Bd4 20.Nf3 Bg7 21.Bd2 N3e5 22.Nd4 Re8
23.Nc6 Nb6 24.a4 Kh8 25.b5 Nxc6 26.dxc6 Bc8 27.Nd5 Nxd5 28.Bxd5 {#r} 1-0

[Event "Ch Hungary (team)"]
[Site "masterchessopen.com - Hungary"]
[Round "8"]
[White "Krizsany Laszlo (HUN)"]
[Black "Deak Sandor (HUN)"]
[Result "1-0"]
[WhiteElo "2445"]
[BlackElo "2325"]

1.d4 Nf6 2.c4 c5 3.d5 b5 4.cxb5 a6 5.bxa6 Bxa6 6.Nc3 g6 7.g3 d6 8.Bg2 Bg7
9.Nf3 Nbd7 10.O-O O-O 11.Qc2 Qa5 12.Rd1 Rfb8 13.h3 Nb6 14.Nd2 c4 15.Nf1 Bb7
16.Bd2 Qa6 17.Be3 Nfxd5 18.Nxd5 Nxd5 19.Bxd5 Bxd5 20.Rxd5 Rxb2 21.Qe4 Qb7
22.Bd4 e6 23.Bxg7 exd5 24.Qd4 Rxe2 25.Ne3 Re8 26.Ng4 {#r} 1-0

[Event "It (open)"]
[Site "masterchessopen.com - Balatonalmadi (Hungary)"]
[Round "5"]
[White "Schmied Johannes (GER)"]
[Black "Haller Manfred (GER)"]
[Result "0-1"]
[WhiteElo "2055"]
[BlackElo "1994"]

1.d4 Nf6 2.c4 c5 3.d5 b5 4.cxb5 a6 5.bxa6 Bxa6 6.g3 g6 7.Bg2 d6 8.Nf3 Bg7
9.Nc3 O-O 10.O-O Nbd7 11.Qc2 Qc7 12.Rd1 Rfb8 13.Bf4 Ra7 14.Rac1 Qa5 15.Nd2 Ng4
16.Nb3 Qb4 17.Ne4 Qb6 18.h3 Nge5 19.Nc3 Nc4 20.Rb1 Qb4 21.Bd2 Nxd2 22.Nxd2
Rab7 23.Rdc1 Ne5 24.b3 h5 25.Bf1 h4 26.Qe4 hxg3 27.f4 Nd7 28.Nd1 Qxd2 {#R} 0-1

[Event "Ch Czech Chess Union (juniors)"]
[Site "masterchessopen.com - Cesky Brod (Czech Republic)"]
[Round "3"]
[White "Rozmbersky David (CZE)"]
[Black "Vojta Tomas (CZE)"]
[Result "0-1"]
[WhiteElo "2207"]
[BlackElo "2351"]

1.d4 Nf6 2.c4 c5 3.d5 b5 4.cxb5 a6 5.bxa6 Bxa6 6.Nc3 d6 7.g3 g6 8.Bg2 Bg7
9.Nf3 O-O 10.O-O Nbd7 11.Qc2 Qb6 12.h4 Rfb8 13.Bh3 Ra7 14.g4 h5 15.g5 Ne8
16.Kg2 Qb4 17.Re1 Bc8 18.e4 Nc7 19.Nh2 Nb5 20.Nxb5 Rxb5 21.Re2 Rb8 22.f4 c4
23.Bxd7 Bxd7 24.Nf3 Ba4 25.Qd2 c3 26.bxc3 Bxc3 27.Qe3 Qc5 {#R} 0-1

[Event "Bayern Landesliga North"]
[Site "masterchessopen.com - Germany"]
[Round "2"]
[White "Meister Thomas"]
[Black "Bartels Frank (GER)"]
[Result "0-1"]
[WhiteElo "2010"]
[BlackElo "2370"]

1.d4 Nf6 2.c4 c5 3.d5 b5 4.cxb5 a6 5.bxa6 g6 6.Nc3 Bxa6 7.Nf3 d6 8.g3 Bg7
9.Bg2 Nbd7 10.O-O Nb6 11.Re1 O-O 12.e4 Nfd7 13.Qc2 Nc4 14.Bf4 Qa5 15.Rac1 Rfb8
16.b3 Na3 17.Qd2 c4 18.Nd4 Bxd4 19.Qxd4 cxb3 20.axb3 Nc5 21.e5 Nxb3 22.Qe4
Nxc1 23.Rxc1 Rc8 24.Qf3 Nb5 25.exd6 Rxc3 26.Rxc3 Nxc3 {#R} 0-1

[Event "Tournament"]
[Site "masterchessopen.com - Lahti (Finland)"]
[Round "4"]
[White "Paakkonen Timo (FIN)"]
[Black "Tocklin Tomi (FIN)"]
[Result "0-1"]
[WhiteElo "2277"]
[BlackElo "1903"]

1.d4 Nf6 2.c4 c5 3.d5 b5 4.cxb5 a6 5.bxa6 Bxa6 6.Nc3 d6 7.g3 g6 8.Nf3 Bg7
9.Bg2 Nbd7 10.O-O O-O 11.Re1 Nb6 12.e4 Nfd7 13.Bf4 Nc4 14.Qc1 Qa5 15.Bh6 Rfb8
16.Bxg7 Kxg7 17.Nd1 Kg8 18.b3 Nce5 19.Nxe5 Qxe1+ {#R} 0-1